Chagla on language and unity. (Record no. 81494)

MARC details
000 -LEADER
fixed length control field 00581nam a22002291 4500
001 - CONTROL NUMBER
control field sa 68006740
003 - CONTROL NUMBER IDENTIFIER
control field DLC
005 - DATE AND TIME OF LATEST TRANSACTION
control field 20260227112518.0
008 - FIXED-LENGTH DATA ELEMENTS--GENERAL INFORMATION
fixed length control field 711108s1967 ii 00010 eng
010 ## - LIBRARY OF CONGRESS CONTROL NUMBER
LC control number sa 68006740
025 ## - OVERSEAS ACQUISITION NUMBER
Overseas acquisition number PL480:I-E-9334
043 ## - GEOGRAPHIC AREA CODE
Geographic area code a-ii---
050 0# - LIBRARY OF CONGRESS CALL NUMBER
Classification number JQ220.L3
Item number C46
082 ## - DEWEY DECIMAL CLASSIFICATION NUMBER
Classification number 320.9/54
100 10 - MAIN ENTRY--PERSONAL NAME
Personal name Chagla, Mahomedali Currim,
Dates associated with a name 1900-
245 10 - TITLE STATEMENT
Title Chagla on language and unity.
260 0# - PUBLICATION, DISTRIBUTION, ETC.
Place of publication, distribution, etc. [Bombay]
Name of publisher, distributor, etc. Popular Prakashan
Date of publication, distribution, etc. [1967]
300 ## - PHYSICAL DESCRIPTION
Extent 24 p.
Dimensions 19 cm.
350 ## - PRICE (NR) (BK AM CF MU VM SE) [OBSOLETE]
Price Rs1.50
500 ## - GENERAL NOTE
General note Cover title.
651 #0 - SUBJECT ADDED ENTRY--GEOGRAPHIC NAME
Geographic name India
General subdivision Languages.

No items available.

Powered by Koha